00435nam a22001457a 4500003000400000005001700004008004100021040002200062082001800084100003300102245009200135260001700227300001800244700002700262OSt20221013193458.0221012b |||||||| |||| 00| 0 eng d cBiblioteca Lado V a700.74bB171p aBalassanian, Edwardecurador aPavilion of the Republic of Armeniabat the XLIX international Art Bienale di Venezia/ bItaliac2001 a36p.c14x30cm aSacco, Gracielaeautor